000 00565nam a22001937a 4500
003 OSt
005 20140310182440.0
008 130312t xxu||||| |||| 00| 0 eng d
020 _a9781437719338
050 _aRM 300
_b.R196 2012
100 _aRang, H.P.
_97895
245 _aRang and Dale's pharmacology /
_cH.P. Rang ... [et.al.]
250 _ainternational ed.
260 _aEdinburgh, New York :
_bChurchill Livingstone,
_cc2012.
300 _c28 cm.
_a28 cm.
_bill. col. ;
650 _aPharmacology.
_97300
942 _2lcc
_cSSLC
999 _c13506
_d13506